LIBRARY & INFORMATION CENTRE, KCAET, TAVANUR

ONLINE PUBLIC ACCESS CATALOGUE (OPAC)

Three Act Tragedy / (Record no. 890)

MARC details
000 -LEADER
fixed length control field 00205cam a2200097ua 4500
082 ## - DEWEY DECIMAL CLASSIFICATION NUMBER
Classification number 823.308
Item number CHR/TH
100 ## - MAIN ENTRY--AUTHOR NAME
Personal name Christie, Agatha .
245 ## - TITLE STATEMENT
Title Three Act Tragedy /
300 ## - PHYSICAL DESCRIPTION
Number of Pages 252 ; .
942 ## - ADDED ENTRY ELEMENTS (KOHA)
Koha item type Books
Holdings
Withdrawn status Lost status Damaged status Home library Current library Date acquired Full call number Accession Number Koha item type
      KAUAET KAUAET 07/04/2012 823.308 13281 Books
free website counter